| 000 | 00379nam a22001457a 4500 | ||
|---|---|---|---|
| 003 | OSt | ||
| 005 | 20251030063710.0 | ||
| 008 | 251030b |||||||| |||| 00| 0 eng d | ||
| 020 | _a0761400893 | ||
| 040 | _cBENCHMARK BOOKS | ||
| 050 | _aDS 281 .Z45 1997 | ||
| 245 |
_aTHE PERSIAN EMPIRE _cZEINERT, KAREN |
||
| 260 |
_aTARRYTOWN, NEWYORK _bBENCHMARK BOOKS _c1997 |
||
| 942 |
_2lcc _cBK _n0 |
||
| 999 |
_c9734 _d9734 |
||